000 00699nam a22002057a 4500
005 20100814162219.0
010 _aENG-100502
020 _c25.00
035 _aEN-84035
037 _bDBAD/PUB
082 _aN
100 _aSubhanpuri, Cipher
_913966
245 _aThe ascenders of the higher state of spiritual conciousness :
_cby Cipher Subhanpuri
_ba novel /
260 _aRanchi
_bSindhu Smriti Publisher
_c2008
270 _a48 / 3K, Bariatu Housing Colony
_bRanchi
_e834009
300 _avii, 100p.
_c22cm (pbk)
700 _913414
942 _2ddc
_cEN
_hN
_mSUB
999 _c42020
_d42020